000 00728 a2200181 4500
999 _c7987
_d7987
020 _a090830725X
050 0 0 _aKQ21.5 MOY 1992
100 1 _aMoyo, Jonathan N.
_eauthor
245 1 0 _aVoting for democracy :
_ba study of electoral politics in Zimbabwe /
_cJonathan N. Moyo.
264 _aHarare:
_bUniversity of Zimbabwe publications.,
_c1992
300 _axii, 244 p. :
_bill. ;
500 _aIncludes bibliographical references (p. 235-239) and index.
504 _aIncludes bibliographical references (p. 235-239) and index.
650 0 _aElections
651 0 _aZimbabwe
942 _2lcc
_cBK
_h21.5
_iMOY
_kKQ